| 000 | 01417cam a22003614a 4500 | ||
|---|---|---|---|
| 942 | _cBK | ||
| 999 |
_c527 _d527 |
||
| 001 | 14108361 | ||
| 003 | OSt | ||
| 005 | 20250420134814.0 | ||
| 008 | 050914s2006 enka b 001 0 eng | ||
| 010 | _a 2005026863 | ||
| 020 | _a9780470018187 | ||
| 035 | _a(OCoLC)ocm61651865 | ||
| 040 |
_aDLC _cKCST |
||
| 042 | _apcc | ||
| 050 | 0 | 0 |
_aTK5103.2 _b.C35 2006 |
| 082 | 0 | 0 |
_a621.384 _222 _bCa Th |
| 100 | 1 |
_aCamarillo, Gonzalo. _94836 |
|
| 245 | 1 | 4 |
_aThe 3G IP multimedia subsystem (IMS) : _bmerging the Internet and the cellular worlds / _cGonzalo Camarillo, Miguel A. García-Martín. |
| 250 | _a2nd ed. | ||
| 260 |
_aChichester, England ; _aHoboken, NJ : _bJ. Wiley & Sons, _cc2006. |
||
| 300 |
_axxvi, 427 p. : _bill. ; _c25 cm. |
||
| 504 | _aIncludes bibliographical references (p. [401]-417) and index. | ||
| 650 | 0 |
_aWireless communication systems. _94837 |
|
| 650 | 0 |
_aMobile communication systems. _91125 |
|
| 650 | 0 |
_aMultimedia communications. _94838 |
|
| 650 | 0 |
_aInternet Protocol multimedia subsystem. _94839 |
|
| 700 | 1 |
_aGarcía-Martín, Miguel A. _94840 |
|
| 856 | 4 | 1 |
_3Table of contents _uhttp://www.loc.gov/catdir/toc/ecip0519/2005026863.html |
| 856 | 4 | 2 |
_3Publisher description _uhttp://www.loc.gov/catdir/enhancements/fy0623/2005026863-d.html |
| 856 | 4 | 2 |
_3Contributor biographical information _uhttp://www.loc.gov/catdir/enhancements/fy0650/2005026863-b.html |
| 942 | _2ddc | ||